The Legend of Zelda: Breath of the Wild Trivia - Statistics

General Stats
  • This quiz has been taken 223 times
  • The average score is 20 of 30
Answer Stats
Question Answer % Correct
How long was Link asleep? 100 Years
98%
What year did BOTW come out? 2017
97%
How many hearts do you need to pull out the Master Sword? 13
96%
Where is Zelda located? Hyrule Castle
96%
What month did BOTW come out? March
87%
How many Champions are there? 6
86%
What does the Old Man give you before he leaves? His Paraglider
83%
BOTW was released on the Switch and the.... Wii U
83%
What did the Zora make in honor of Mipha? A Statue
80%
What is next to the Old Man's campfire when you meet him for the first time? A Baked Apple
76%
What bow does Zelda give you to defeat Dark Beast Ganon? Bow of Light
76%
What happened to 4 of the Champions? They Died
76%
Who is speaking to Link throughout the game? Zelda
73%
What is Zelda's favorite flower? Silent Princess
72%
What spring can you only go to when you are seventeen? Spring of Wisdom
70%
What mini-boss is only located in Gerudo? Molduga
68%
Where does the Old Man tell you to go after completing all the shrines? The Temple of Time
68%
In the memory where Zelda prays to the goddess, what spring was she in? Spring of Power
65%
How many shrines are in the game? (excluding dlc) 120
64%
What does Zelda make Link eat in Memory #9? A Frog
64%
What mini-boss do you need to defeat to get the Hylian Shield? Stalnox
61%
Where does Link start the game? The Great Plateau
54%
Mipha's Weapon Lightscale Trident
46%
Daruk's Weapon Boulder Breaker
45%
Revali's Weapon Great Eagle Bow
43%
What is the name of the animal in Satori Mountain? Lord of the Mountain
40%
Urbosa's Weapon Scimitar of the Seven
40%
What region is Memory #1 located? Central Hyrule
39%
Where is The King's Study located in Hyrule Castle? The Library
38%
What labyrinth is the travel medallion located? Lomei Labyrinth
24%
No matching quizzes found
Score Distribution
Percent of People with Each Score
Percentile by Number Answered
Your Score History
You have not taken this quiz